| 000 | 00640nab a2200205 a 4500 | ||
|---|---|---|---|
| 005 | 20210219161030.0 | ||
| 008 | 991125s1985 mx 000 0 spa u | ||
| 035 | _aUPN01000177386 | ||
| 100 | 1 | _aGarcía Cabrero, Benilde | |
| 222 | _aREVISTA MEXICANA DE INVESTIGACION EDUCATIVA | ||
| 245 | _aLa construcción de conocimiento en foros virtuales de discusión entre pares | ||
| 300 | _a85-111 | ||
| 362 | 0 | _a2010 Vol. 15, no. 44(1), ene.-mar. | |
| 653 | 0 | _aEDUCACION VIRTUAL | |
| 653 | 0 | _aINTERRACCION EN LINEA | |
| 653 | 0 | _aNUEVAS TECNOLOGIAS | |
| 700 | 1 | _aPineda Ortega, Vania Jocelyn, | |
| 700 | 1 | _ecoaut. | |
| 905 | _aArticulo | ||
| 999 |
_c149489 _d149489 |
||